[Event "40th Olympiad Open"]
[Site "Istanbul TUR"]
[Date "2012.08.31"]
[Round "4.30"]
[White "Mehmeti,D"]
[Black "Chumfwa,S"]
[Result "0-1"]
[WhiteElo "2437"]
[BlackElo "2347"]

1.d4 Nf6 2.Bg5 e6 3.e4 h6 4.Bxf6 Qxf6 5.c3 d5 6.Nd2 c5 7.e5 Qd8 8.Ngf3 Nc6
9.dxc5 Bxc5 10.Nb3 Be7 11.Bd3 O-O 12.O-O f6 13.exf6 Bxf6 14.Bc2 e5 15.h3 Be6
16.Qe2 Bf7 17.Rad1 Qb6 18.Nh2 Rae8 19.Ng4 Bg5 20.Rfe1 e4 21.Ne3 Re5 22.Rd2 Bh4
23.Qf1 Bg5 24.Bd1 Rd8 25.Nd4 Nxd4 26.cxd4 Ree8 27.Bb3 Bf6 28.Red1 Be7 29.Qe2 Rf8
30.Rc2 Be6 31.Qh5 Qd6 32.Qe5 Bf6 33.Qh5 Bf7 34.Qe2 Qb6 35.Qd2 Be7 36.Rdc1 Be6
37.Rc7 Rf7 38.R7c3 Bb4 39.Qd1 Bxc3 40.bxc3 Kh7 41.Qh5 g6 42.Qh4 Qd6 43.Bd1 Rdf8
44.Rc2 b5 45.g4 g5 46.Qg3 Qxg3+ 47.fxg3 Rc8 48.Be2 Rfc7 49.Nd1 b4 50.Kf2 bxc3
51.Ke3 Bd7 52.Ba6 Ba4 53.Rc1 Bxd1 54.Bxc8 Rxc8 55.Rxd1 c2 56.Rc1 Rc4 57.h4 Kg7
58.h5 Kf6 59.Rf1+ Ke6 60.Kd2 c1=Q+ 61.Rxc1 Rxc1 62.Kxc1 Kd6 63.Kc2 Kc6 64.Kc3 Kb5
65.Kb3 Ka5  0-1

[Event "14th Trieste Open A"]
[Site "Trieste ITA"]
[Date "2012.09.02"]
[Round "3"]
[White "Egartner,W"]
[Black "David,Alb"]
[Result "0-1"]
[WhiteElo "2132"]
[BlackElo "2599"]

1.d4 Nf6 2.Bg5 e6 3.e3 b6 4.Nf3 Bb7 5.Nbd2 h6 6.Bxf6 Qxf6 7.Bd3 d6 8.Qe2 a6
9.c3 Nd7 10.O-O-O g6 11.Ne1 c5 12.f4 Qd8 13.Rg1 b5 14.g4 Rg8 15.Nef3 Qc7
16.f5 g5 17.fxe6 fxe6 18.h4 c4 19.Bb1 b4 20.Nxc4 bxc3 21.Bd3 Bxf3 22.Qxf3 d5
23.Rdf1 O-O-O 24.Ne5 Nxe5 25.dxe5 Bc5 26.Bxa6+ Kb8 27.Rg2 Ka7 28.Qe2 cxb2+
29.Kb1 Ba3 30.Rgg1 Rb8 31.Bb5 Rgc8  0-1

[Event "5th Sabadell Open A"]
[Site "Sabadell ESP"]
[Date "2012.09.03"]
[Round "5"]
[White "Lorenzo de la Riva,L"]
[Black "Colon Garcia,E"]
[Result "1-0"]
[WhiteElo "2444"]
[BlackElo "2339"]

1.d4 Nf6 2.Bg5 e6 3.e4 h6 4.Bxf6 Qxf6 5.Nc3 d6 6.Qd2 g5 7.Bc4 Bg7 8.Nge2 Nc6
9.Rd1 Bd7 10.O-O O-O-O 11.b4 h5 12.b5 Ne7 13.a4 h4 14.f3 Kb8 15.a5 d5 16.e5 Qh6
17.Bd3 f6 18.b6 fxe5 19.bxa7+ Ka8 20.Nb5 Bxb5 21.Bxb5 exd4 22.Qb4 Bf8 23.Nxd4 e5
24.Nb3 Nf5 25.Qc3 d4 26.Qd3 Ne3 27.a6 bxa6 28.Qe4+ Rd5 29.Bc4 Qd6 30.Bxd5+ Nxd5
31.c4  1-0

[Event "11th Istanbul Open A"]
[Site "Istanbul TUR"]
[Date "2012.09.04"]
[Round "5"]
[White "Alnami,Salaheddin"]
[Black "Basargan,U"]
[Result "0-1"]
[WhiteElo "1727"]
[BlackElo "2016"]

1.d4 Nf6 2.Bg5 e6 3.Nf3 c5 4.c3 b6 5.e4 h6 6.Bxf6 Qxf6 7.Bd3 Bb7 8.O-O Qd8
9.Nbd2 Be7 10.Qe2 d6 11.dxc5 bxc5 12.b4 cxb4 13.cxb4 O-O 14.b5 Nd7 15.Nb3 Rc8
16.Rac1 Qb6 17.a4 Ba8 18.a5 Qb8 19.Qe3 Bf6 20.Rxc8 Rxc8 21.Rc1 Rxc1+ 22.Qxc1 d5
23.exd5 Bxd5 24.Nfd4 Qb7 25.f3 e5 26.Nf5 Bxb3 27.Nd6 Qd5 28.Qc8+ Nf8 29.Qc3 e4
30.fxe4 Bxc3 31.exd5 Bxa5 32.Nf5 Bb4 33.d6 Be6 34.Ne7+ Kh8  0-1

[Event "11th Istanbul Open A"]
[Site "Istanbul TUR"]
[Date "2012.09.06"]
[Round "7"]
[White "Alnami,Salaheddin"]
[Black "Ozbilen,H"]
[Result "0-1"]
[WhiteElo "1727"]
[BlackElo "2021"]

1.d4 Nf6 2.Bg5 e6 3.Nf3 Be7 4.c4 d5 5.e3 c6 6.Nc3 O-O 7.Bd3 dxc4 8.Bxc4 Nd5
9.Bxe7 Qxe7 10.e4 Nf4 11.g3 Ng6 12.h4 Qb4 13.Qe2 Rd8 14.h5 Nf8 15.h6 g6 16.Rd1 b5
17.Bb3 Bb7 18.O-O Nbd7 19.d5 Nc5 20.Ng5 Nxb3 21.axb3 Qe7 22.Qe3 f6 23.Nxe6 Nxe6
24.dxe6 Qxe6 25.Ne2 c5 26.Nf4 Qe5 27.Rfe1 c4 28.bxc4 bxc4 29.Qe2 Rxd1 30.Qxd1 Bc6
31.Qg4 Kf7 32.Re2 Rd8 33.Qf3 Rd1+ 34.Kh2 Rd4 35.Qa3 a5 36.f3 g5 37.Ng2 Rd3
38.Qa2 Rb3 39.Ne3 Qc5 40.Ng4 a4 41.Kg2 f5 42.Nf2 g4 43.f4 Qd4 44.Qb1 a3 45.Kh2 Rxb2
46.Qe1 Bxe4 47.Qa1 c3  0-1

[Event "40th Olympiad Open"]
[Site "Istanbul TUR"]
[Date "2012.09.07"]
[Round "10.56"]
[White "Khairallah,F"]
[Black "Ahmed,Fu"]
[Result "0-1"]
[WhiteElo "2308"]
[BlackElo "1830"]

1.d4 Nf6 2.Bg5 e6 3.e4 h6 4.Bxf6 Qxf6 5.Nc3 Bb4 6.Qd2 d5 7.e5 Qd8 8.a3 Be7
9.Nf3 c5 10.dxc5 Bxc5 11.h4 Nc6 12.Rh3 a6 13.Rg3 g6 14.b4 Be7 15.b5 Na5 16.h5 g5
17.Nh2 Bd7 18.bxa6 bxa6 19.Ng4 Qc7 20.f4 gxf4 21.Qxf4 Bg5 22.Nf6+ Kd8 23.Qf2 Qxe5+
24.Kd1 Bxf6  0-1

[Event "9th LGA Premium Cup"]
[Site "Nuernberg GER"]
[Date "2012.09.07"]
[Round "2.59"]
[White "Pfadenhauer,J"]
[Black "Martin Fernandez,R"]
[Result "1-0"]
[WhiteElo "1877"]
[BlackElo "2156"]

1.d4 Nf6 2.Bg5 e6 3.e4 h6 4.Bxf6 Qxf6 5.Nc3 Bb4 6.Qd2 O-O 7.e5 Qe7 8.f4 d5
9.a3 Ba5 10.b4 Bb6 11.Nf3 c6 12.Bd3 a5 13.Na4 Bc7 14.O-O Nd7 15.Kh1 b5 16.Nc5 Nxc5
17.bxc5 Bd7 18.g4 f5 19.gxf5 exf5 20.Rg1 Be8 21.Qf2 Bd8 22.Rg3 Ra7 23.Rag1 Bh5
24.Nd2 Qe6 25.Qg2 Rff7 26.Nf1 g6 27.Rxg6+ Qxg6 28.Qxg6+ Bxg6 29.Rxg6+ Rg7
30.Rxc6 Bh4 31.Rc8+ Kf7 32.Bxf5 Bf2 33.e6+ Ke7 34.Ng3 Bxd4 35.Bh3 Rxg3 36.hxg3 b4
37.a4 Rb7 38.c6 Ra7 39.Kg2 Bc5 40.Kf3 Bd6 41.f5 Be5 42.Kg4 Kd6 43.Kh5 Ke7
44.Kg6 d4 45.Bf1 h5 46.Be2 Bxg3 47.f6+ Kxe6 48.Bc4+  1-0

[Event "9th LGA Premium Cup"]
[Site "Nuernberg GER"]
[Date "2012.09.07"]
[Round "3.37"]
[White "Mihok,L"]
[Black "Berchtenbreiter,M"]
[Result "1/2-1/2"]
[WhiteElo "2141"]
[BlackElo "2328"]

1.d4 Nf6 2.Bg5 e6 3.e4 c5 4.d5 h6 5.Bxf6 Qxf6 6.Nc3 a6 7.a4 d6 8.Nf3 Nd7
9.Be2 Be7 10.O-O e5 11.a5 h5 12.Nd2 Nf8 13.Nc4 Ng6 14.Nb6 Rb8 15.Nxc8 Rxc8
16.g3 h4 17.Bg4 Rc7 18.Ra3 Nf8 19.Qe2 Qh6 20.Nd1 Bg5 21.Ne3 Bxe3 22.Qxe3 hxg3
23.Qxg3 Ng6 24.Rb3 Nf4 25.Rb6 Ke7 26.Re1 g6 27.c4 Qg5 28.Re3 Rh4 29.h3 Nh5
30.Bxh5 Qxh5 31.Kg2 Qh6 32.Kf1 Rd7 33.Ke1 Kf8 34.Kd1 Qh5+ 35.Kc2 g5 36.Qg2  1/2-1/2

[Event "14th Trieste Open A"]
[Site "Trieste ITA"]
[Date "2012.09.07"]
[Round "8"]
[White "Egartner,W"]
[Black "Franca,Veronika"]
[Result "1/2-1/2"]
[WhiteElo "2132"]
[BlackElo "1952"]

1.d4 Nf6 2.Bg5 e6 3.e3 d5 4.Nd2 h6 5.Bxf6 Qxf6 6.f4 c5 7.c3 Nc6 8.Ngf3 Bd6
9.Bd3 O-O 10.O-O b6 11.Ne5 Nb8 12.g4 Qd8 13.Ndf3 Ba6 14.Bxa6 Nxa6 15.g5 Bxe5
16.Nxe5 g6 17.Qc2 Kg7 18.gxh6+ Kxh6 19.Kh1 Kg7 20.Rg1 Qe8 21.Rg3 Kf6 22.e4 Nc7
23.f5 gxf5 24.exf5 Ke7 25.Rg7 Kd8 26.f6 Nb5 27.dxc5 bxc5 28.Qa4 a5 29.c4 Nd4
30.Qxe8+ Kxe8 31.cxd5 exd5 32.Re1 Ne6 33.Nxf7 Rxf7 34.Rxe6+ Kf8 35.Rxf7+ Kxf7
36.Rd6 d4 37.Kg2 Rb8 38.b3 a4 39.Rc6 axb3 40.axb3 Rxb3 41.Rxc5 Kxf6 42.Rd5 d3
43.Kf3 d2+ 44.Ke2  1/2-1/2

[Event "9th LGA Premium Cup"]
[Site "Nuernberg GER"]
[Date "2012.09.08"]
[Round "5.40"]
[White "Mihok,L"]
[Black "Seyb,A"]
[Result "0-1"]
[WhiteElo "2141"]
[BlackElo "2313"]

1.d4 Nf6 2.Bg5 e6 3.e4 h6 4.Bxf6 Qxf6 5.Nc3 d6 6.Qd2 c6 7.f4 e5 8.dxe5 dxe5
9.f5 Qd6 10.Bd3 Be7 11.Nf3 Nd7 12.O-O-O Qc7 13.g4 b5 14.h4 Bb7 15.g5 O-O-O
16.Qe2 Qa5 17.a3 Bxa3 18.Nxb5 cxb5 19.bxa3 Nc5 20.Rdg1 Qxa3+ 21.Kd1 Nxd3
22.cxd3 Rxd3+  0-1

[Event "3rd Livigno Open A"]
[Site "Livigno ITA"]
[Date "2012.09.10"]
[Round "1.10"]
[White "Drazic,S"]
[Black "Franklin,S"]
[Result "0-1"]
[WhiteElo "2511"]
[BlackElo "2281"]

1.d4 Nf6 2.Bg5 e6 3.e4 c5 4.d5 d6 5.Nc3 Be7 6.h4 O-O 7.Be2 a6 8.a4 Re8 9.Qd3 exd5
10.exd5 Nbd7 11.Kf1 Ne5 12.Qd2 Bf5 13.f3 h6 14.Be3 h5 15.a5 b5 16.axb6 Qxb6
17.Ra2 a5 18.Nh3 Qb4 19.Nf2 Nc4 20.Bxc4 Qxc4+ 21.Kg1 a4 22.g3 Bd8 23.b3 Qb4
24.Nfd1 a3 25.Kf2 Nd7 26.Na4 Bf6 27.Qc1 Ne5 28.Bg5 Qd4+ 29.Ne3 Bxg5 30.hxg5 Bxc2
31.Qxc2 Nd3+ 32.Kg2 Rxe3 33.Qd1 Rae8 34.Rd2 Qxd5 35.Nb6 Qf5 36.g6 Ne1+ 37.Rxe1 Rxe1
38.gxf7+ Kxf7 39.Rd5 R8e2+  0-1

[Event "zt 3.5 China Men 2012"]
[Site "Beijing CHN"]
[Date "2012.09.15"]
[Round "2.4"]
[White "Wang Chen"]
[Black "Lou Yiping"]
[Result "0-1"]
[WhiteElo "2485"]
[BlackElo "2412"]

1.d4 Nf6 2.Bg5 e6 3.e4 h6 4.Bxf6 Qxf6 5.c3 d6 6.Bd3 e5 7.Ne2 Nc6 8.O-O Bd7
9.Bb5 a6 10.Ba4 Qg6 11.Nd2 Qh5 12.f4 exf4 13.Rxf4 Be7 14.Nf1 O-O 15.Nfg3 Qa5
16.Bb3 Bg5 17.Rf1 Rae8 18.Nf4 Bxf4 19.Rxf4 Nd8 20.Nf5 Kh7 21.Qh5 Bxf5 22.Rxf5 Qb6
23.Bxf7 Nxf7 24.Rxf7 Re5 25.Qxe5 Rxf7 26.Qd5 Qxb2 27.Qxf7 Qxa1+ 28.Kf2 Qb2+
29.Kf1 Qb1+ 30.Kf2 Qc2+ 31.Kf1 Qxe4 32.Qxc7 Qb1+ 33.Ke2 Qxa2+ 34.Ke3 Qe6+
35.Kd3 d5 36.g3 Qc6 37.Qd8 Qg6+ 38.Ke2 Qe6+ 39.Kd2 b6 40.h4 a5 41.Qa8 h5
42.Kc2 Qe2+ 43.Kb3 Qb5+ 44.Kc2 a4 45.Qc8 Qe2+ 46.Kc1 Qe1+ 47.Kb2 Qf2+ 48.Kc1 Qxg3
49.Qf5+ Kh6 50.Qe6+ g6 51.Qf6 Qxc3+ 52.Kb1 Qc7 53.Qg5+ Kh7 54.Qxd5 Qe7 55.Kc2 Kg7
56.Qc6 Qe2+ 57.Kc3 Qe3+  0-1

[Event "3rd Livigno Open A"]
[Site "Livigno ITA"]
[Date "2012.09.15"]
[Round "7.14"]
[White "Cebalo,M"]
[Black "Codenotti,M"]
[Result "1-0"]
[WhiteElo "2424"]
[BlackElo "2334"]

1.d4 Nf6 2.Bg5 e6 3.e4 h6 4.Bxf6 Qxf6 5.Nc3 d6 6.Qd2 c6 7.Nf3 e5 8.h3 Be7
9.Bc4 b5 10.Nxb5 Na6 11.Nc3 Rb8 12.O-O-O O-O 13.d5 c5 14.Nb5 Qg6 15.Qe2 f5
16.Nxe5 Bg5+ 17.Kb1 dxe5 18.d6+ Be6 19.d7 Be7 20.Nd6 fxe4 21.Nc8 Bd8 22.Bxa6 Qf7
23.Nd6 Qxd7 24.Bc4 Kh8 25.Bxe6 Qxe6 26.Nxe4 c4 27.Rd6 Qf7 28.Rhd1 Bb6 29.c3 Rb7
30.R1d2 Qf5 31.Qxc4 Rc8 32.Qd3 Qf4 33.Rd5 Re7 34.f3 h5 35.a4 Qh2  1-0

[Event "TCh-VIE 2012"]
[Site "Ho Chi Minh City VIE"]
[Date "2012.09.21"]
[Round "2.2"]
[White "Tu Hoang Thong"]
[Black "Tran Tuan Minh"]
[Result "1-0"]
[WhiteElo "2439"]
[BlackElo "2235"]

1.d4 Nf6 2.Bg5 e6 3.Nd2 d5 4.e3 c5 5.c3 Nbd7 6.f4 Bd6 7.Bd3 h6 8.Bxf6 gxf6
9.Ngf3 c4 10.Bc2 f5 11.O-O b5 12.Ne5 Nxe5 13.fxe5 Bf8 14.e4 dxe4 15.Nxe4 Be7
16.Qf3 Rb8 17.Nf6+ Bxf6 18.exf6 Qd6 19.Rae1 Kf8 20.Re5 Bb7 21.Qf4 Rd8 22.Bd1 Rg8
23.Qxh6+ Ke8 24.Bf3 Bxf3 25.Rxf3 Rg6 26.Qe3 Rxf6 27.Rxb5 Rb8 28.Rxb8+ Qxb8
29.Qe5 Qxe5 30.dxe5 Rg6 31.Rf4 f6 32.exf6 Rxf6 33.Rxc4  1-0

[Event "TCh-CHN 2012"]
[Site "Hangzhou CHN"]
[Date "2012.09.22"]
[Round "11"]
[White "Hoang Thanh Trang"]
[Black "Ni,Shiqun"]
[Result "1/2-1/2"]
[WhiteElo "2438"]
[BlackElo "2157"]

1.d4 Nf6 2.Bg5 e6 3.e3 c5 4.Nd2 Be7 5.c3 b6 6.Ngf3 Bb7 7.Bd3 cxd4 8.exd4 O-O
9.Bxf6 Bxf6 10.Qe2 d6 11.O-O-O Nd7 12.Kb1 a6 13.h4 Re8 14.Ng5 Nf8 15.Nde4 Bxe4
16.Nxe4 Be7 17.Bxa6 d5 18.Nd2 Qc7 19.Bb5 Nd7 20.Nf3 Rec8 21.h5 Qa7 22.a4 Qc7
23.g4 Nf6 24.h6 g6 25.Qe5 Qxe5 26.Nxe5 Ne4 27.Nd3 Nd6 28.f4 Ne4 29.Rde1 Rc7
30.Ne5 Nd6 31.Kc2 f6 32.Nd3 Kf7 33.Rhf1 Bf8 34.g5 Nf5 35.Kb3 Be7 36.gxf6 Bxf6
37.Ne5+ Ke7 38.Nf3 Kd6 39.Ng5 Re7 40.Rh1 Ng3 41.Rh2 Bxg5 42.fxg5 Rf8 43.Bd3 Ref7
44.Re3 Nh5 45.Be2 Nf4 46.Bg4 Re7 47.Rf2 e5 48.Ref3 Ref7 49.dxe5+ Kxe5 50.Re3+ Kd6
51.Kc2 Rc7 52.Kd2 Rc4 53.b3 Re4 54.Bd1 Ke5 55.Bc2 Rxe3 56.Kxe3 Ne6 57.Rxf8 Nxf8
58.b4 Ne6 59.a5 Kd6 60.Bxg6 Nxg5 61.Kf4 Ne6+ 62.Kg4 Nf8 63.Bf5 Kc6  1/2-1/2

[Event "TCh-VIE 2012"]
[Site "Ho Chi Minh City VIE"]
[Date "2012.09.24"]
[Round "6.7"]
[White "Nguyen Van Hai"]
[Black "Tran Manh Tien"]
[Result "1-0"]
[WhiteElo "2314"]
[BlackElo "2300"]

1.d4 Nf6 2.Bg5 e6 3.e3 c5 4.c3 b6 5.Nd2 Bb7 6.Ngf3 Be7 7.Bd3 d6 8.O-O O-O
9.a4 Nd5 10.Bxe7 Nxe7 11.a5 Qc7 12.e4 Ba6 13.Bxa6 Nxa6 14.Qe2 Qb7 15.Nc4 Nc8
16.e5 d5 17.Ne3 Nc7 18.Ng5 h6 19.Nh3 Ne7 20.Nf4 cxd4 21.cxd4 bxa5 22.Nh5 Qb5
23.Qg4 Ng6 24.Rad1 Qxb2 25.Qh3 Ne7 26.Rd3 Ne8 27.f4 Qe2 28.Ra3 Qb2 29.Rd3 Qe2
30.Rfd1 Rb8 31.Ng3 Qa2 32.f5 exf5 33.Ngxf5 Nxf5 34.Nxf5 Rb1 35.Qf3 Nc7 36.Ne7+ Kh8
37.Ng6+ Kg8 38.Ne7+ Kh8 39.Ng6+ Kg8 40.Nxf8 Kxf8 41.Rxb1 Qxb1+ 42.Rd1 Qb6
43.Rf1 Qe6 44.Qa3+ Ke8 45.Qxa5 Qb6 46.Qxb6 axb6 47.Kf2 Nb5 48.Ke3 Na3 49.Kd3 Ke7
50.Ra1 Nc4 51.g4 Ke6 52.Ra8 f6 53.Re8+ Kd7 54.Rg8 fxe5 55.Rxg7+ Ke6 56.Rg6+ Kf7
57.Rxh6 e4+ 58.Ke2 b5 59.h4 b4 60.Rh7+ Kg6 61.Rb7 Na3 62.Rb6+ Kg7 63.Rxb4 Nc2
64.Ra4 Kg6 65.Kd2  1-0

[Event "21st TCh-CRO w 2012"]
[Site "Sibenik CRO"]
[Date "2012.09.24"]
[Round "2.2"]
[White "Starcevic,A"]
[Black "Cvitan,Ena"]
[Result "1/2-1/2"]
[WhiteElo "1865"]
[BlackElo "1678"]

1.d4 Nf6 2.Bg5 e6 3.Nf3 d5 4.e3 c5 5.c4 cxd4 6.exd4 Be7 7.Be2 O-O 8.O-O dxc4
9.Bxc4 Nc6 10.Nc3 Nd5 11.Bxe7 Ncxe7 12.Ne5 Nxc3 13.bxc3 Nf5 14.Bd3 Qg5 15.Nf3 Qf6
16.Qe2 b6 17.Be4 Rb8 18.Ne5 b5 19.Nc6 Rb6 20.Rab1 Nd6 21.Bf3 Bd7 22.Ne5 Rd8
23.Nxd7 Rxd7 24.Rb3 Rd8 25.Rfb1 Rdb8 26.Qc2 Qg6 27.Qxg6 hxg6 28.Kf1 Nc4 29.Ke2 Ra6
30.Ra1 Rab6 31.Kd3 Nd6 32.Re1 Ra6 33.Re2 Rab6 34.Re5 Ra6 35.a3 Rc8 36.Be2 Rac6
37.Kc2 a6 38.Re3 Nf5 39.Rd3 Rc4 40.Kd2 Ne7 41.Bf3 Nd5 42.Bxd5 exd5 43.Re3 R8c6
44.Re5 Re6 45.Rb1 Rec6 46.Rc1 Ra4 47.Ra1 Rac4  1/2-1/2

[Event "Tatry Open 2012"]
[Site "Tatranske Zruby SVK"]
[Date "2012.09.24"]
[Round "2.57"]
[White "Mocary,M"]
[Black "Vagner,La"]
[Result "1/2-1/2"]
[WhiteElo "1929"]
[BlackElo "2006"]

1.d4 Nf6 2.Bg5 e6 3.e4 h6 4.Bxf6 Qxf6 5.Nf3 c5 6.e5 Qd8 7.Nc3 cxd4 8.Qxd4 Nc6
9.Qd2 Be7 10.O-O-O Qa5 11.Bc4 Nxe5 12.Nxe5 Qxe5 13.Kb1 a6 14.Rhe1 Qc7 15.Nd5 Qxc4
16.Nxe7 Kxe7 17.Qd6+ Ke8 18.f4 Qc6 19.Qe5 Rg8 20.f5 f6 21.Qg3 d5 22.fxe6 Bxe6
23.Rxe6+ Qxe6 24.Re1 Qxe1+ 25.Qxe1+ Kf7 26.Qa5 b5 27.a4 Rgb8 28.Qc7+ Kg8
29.Qc6 bxa4 30.Qxd5+ Kh8 31.Ka2 Ra7 32.c4 Rab7 33.Qd4 Rc7 34.c5 Rbc8 35.Qxa4 Rxc5
36.Qxa6 Rc2 37.Ka3 Rb8 38.b4 Re8 39.Qd3 Ree2 40.Qd8+ Kh7 41.Qd3+ Kg8 42.Qd8+ Kf7
43.Qd5+ Kg6 44.g4 Rcd2 45.Qh5+ Kh7 46.Qf5+ Kg8 47.Qc8+ Kf7 48.Qc4+ Kg6 49.h4 h5
50.b5 Re3+ 51.Ka4 Rde2 52.Ka5 Re4 53.gxh5+ Kh6 54.Qf7 Kh7 55.Qg6+ Kh8 56.h6 Ra2+
57.Kb6 Re6+ 58.Kc5 gxh6 59.Qxh6+ Kg8 60.Qg6+ Kh8  1/2-1/2

[Event "1st Simon Bolivar Open 2012"]
[Site "San Cristobal VEN"]
[Date "2012.09.27"]
[Round "5.7"]
[White "Cordova,E"]
[Black "Velasco,Ricardo"]
[Result "1-0"]
[WhiteElo "2554"]
[BlackElo "2024"]

1.d4 Nf6 2.Bg5 e6 3.Nd2 c5 4.e3 Nc6 5.c3 d5 6.Ngf3 Qb6 7.Rb1 Bd7 8.Bd3 cxd4
9.exd4 Bd6 10.O-O a5 11.Re1 h6 12.Bh4 Nh5 13.c4 Nxd4 14.cxd5 Nf4 15.Nc4 Nxf3+
16.Qxf3 Qc5 17.Bg3 g5 18.dxe6 Bxe6 19.Qxb7 Rb8 20.Rxe6+ Nxe6 21.Nxd6+ Qxd6
22.Bb5+  1-0

[Event "Tatry Open 2012"]
[Site "Tatranske Zruby SVK"]
[Date "2012.09.27"]
[Round "6.48"]
[White "Hlinka,V"]
[Black "Krutina,M"]
[Result "1-0"]
[WhiteElo "2155"]
[BlackElo "1997"]

1.d4 Nf6 2.Bg5 e6 3.Nd2 h6 4.Bh4 b6 5.e3 Bb7 6.Ngf3 Be7 7.Bd3 d6 8.Bxf6 Bxf6
9.Qe2 c5 10.c3 Nd7 11.O-O-O a6 12.g4 b5 13.h4 Qb6 14.g5 Be7 15.Rhg1 O-O-O
16.gxh6 gxh6 17.Rg7 Rdf8 18.Be4 Nf6 19.Bxb7+ Kxb7 20.dxc5 Qxc5 21.Nd4 d5
22.Kb1 Ne8 23.Rg2 Bxh4 24.e4 Bd8 25.N4b3 Qc6 26.Nf3 Bb6 27.Ne5 Qd6 28.exd5 exd5
29.c4 Nc7 30.c5 Bxc5 31.Nxc5+ Qxc5 32.Nd7 Qd6 33.Nxf8 Rxf8 34.Qf3 Qe5 35.Rg4 Kc6
36.Rh4 Qe6 37.Rc1+ Kd7 38.Ka1 Qd6 39.Qh3+ Ne6 40.Rxh6 Qf4 41.Qh1 Kd6 42.Rh5 f5
43.Rh6 Re8 44.Rd1 Qe4 45.Qh2+ Qe5 46.Qh3 Qe2 47.Qg3+ Kc6 48.Rc1+  1-0

[Event "TATA 50th ch-IND National Premier"]
[Site "Kolkata IND"]
[Date "2012.10.02"]
[Round "2.5"]
[White "Abhilash,R"]
[Black "Satyapragyan,S"]
[Result "1/2-1/2"]
[WhiteElo "2242"]
[BlackElo "2456"]

1.d4 Nf6 2.Bg5 e6 3.e4 h6 4.Bxf6 Qxf6 5.Nf3 d6 6.Nc3 g6 7.Qd2 Bg7 8.O-O-O Qe7
9.Kb1 a6 10.h4 Nd7 11.g4 b5 12.Re1 O-O 13.g5 h5 14.Qe3 c5 15.dxc5 Nxc5 16.e5 Bb7
17.Rg1 Rac8 18.Bg2 Rc7 19.exd6 Qxd6 20.Rd1 Qe7 21.Ne5 Rfc8 22.Rd2 Bxg2 23.Rxg2 Nd7
24.Rxd7 Rxd7 25.Nxd7 Qxd7 26.f3 Rxc3 27.bxc3 Qd1+ 28.Kb2 b4 29.Qd3 Bxc3+
30.Kb3 Qb1+ 31.Kc4 Qxa2+ 32.Kc5 a5 33.Qc4 Qb1 34.Kb5 Qd1 35.Re2 Qa1 36.Re3 a4
37.Rd3 a3 38.Rd8+ Kh7 39.Ra8 Bh8 40.Kxb4 Qe1+ 41.Kb5 Bb2 42.Qf4 Bg7 43.Rxa3 Qb1+
44.Rb3 Qxc2 45.Qc4 Qf5+ 46.Kc6 e5 47.Kc7 f6 48.gxf6 Qxf6 49.Kd7 Kh6 50.Ra3 Bf8
51.Rd3 Qe7+ 52.Kc8 Qf6 53.Kd7 Qe7+ 54.Kc8 Qf6 55.Kd7 Qe7+ 56.Kc8 Qf6 57.Kd7 Qe7+
58.Kc8  1/2-1/2

[Event "TCh-Belgrade Premier 2012"]
[Site "Belgrade SRB"]
[Date "2012.10.03"]
[Round "3.2"]
[White "Stanic,A"]
[Black "Tisma,I"]
[Result "1/2-1/2"]
[WhiteElo "2163"]
[BlackElo "2140"]

1.d4 Nf6 2.Bg5 e6 3.e4 Be7 4.Nd2 d6 5.Bd3 Nbd7 6.Qe2 c5 7.c3 cxd4 8.cxd4 Qa5
9.Be3 O-O 10.Nf3 Ng4 11.O-O Nxe3 12.Qxe3 Nb6 13.a3 Bd7 14.b4 Qh5 15.Nb3 Na4
16.Rac1 Rfc8 17.Rxc8+ Rxc8 18.Rc1 Rxc1+ 19.Qxc1 Bb5 20.Qf1 Be8 21.Qc1 Bb5
22.Qf1 Be8  1/2-1/2

[Event "TCh-Moscow 2012"]
[Site "Moscow RUS"]
[Date "2012.10.03"]
[Round "5.1"]
[White "Asanov,Ti"]
[Black "Zhadanov,N"]
[Result "0-1"]
[WhiteElo "2422"]
[BlackElo "2323"]

1.d4 Nf6 2.Bg5 e6 3.Nd2 h6 4.Bh4 d5 5.e3 Be7 6.Bd3 b6 7.Qe2 Bb7 8.f4 Ne4
9.Bxe7 Qxe7 10.Ngf3 Nd7 11.O-O f5 12.c4 g5 13.cxd5 exd5 14.Ne5 Nxe5 15.fxe5 O-O
16.Rac1 Rac8 17.g4 Qb4 18.Nxe4 fxe4 19.Rxf8+ Rxf8 20.Bb5 Bc8 21.a3 Qa5 22.h3 c5
23.Bc6 cxd4 24.exd4 Ba6 25.Qg2 Rf4 26.Rc3 Bc4 27.b4 Qa6 28.b5 Qa4 29.Qd2 Kf8
30.Re3 Rf1+ 31.Kh2 Qd1 32.Qxd1 Rxd1 33.h4 Rd2+ 34.Kg1 Rd3 35.Re1 Rxd4 36.hxg5 hxg5  0-1

[Event "TCh-Central SRB 2012"]
[Site "Vrnjacka Banja SRB"]
[Date "2012.10.04"]
[Round "8.5"]
[White "Boskovic,D"]
[Black "Nestorovic,De"]
[Result "1/2-1/2"]
[WhiteElo "2431"]
[BlackElo "2438"]

1.d4 Nf6 2.Bg5 e6 3.Nd2 h6 4.Bh4 d5 5.e3 Be7 6.Bd3 O-O 7.f4 b6 8.Qe2 c5 9.c3 a5
10.Ngf3 Ba6 11.Bxa6 Nxa6 12.O-O Nd7 13.Bxe7 Qxe7 14.Ne5 Nc7 15.Rf3 Nxe5 16.fxe5 f6
17.exf6 Rxf6 18.Rxf6 Qxf6 19.Rf1 Qe7 20.Nf3 Rf8 21.Ne5 Rxf1+ 22.Qxf1 c4 23.e4 b5
24.exd5 exd5 25.Qf5 Qe8 26.a3 a4 27.h4 Qe6 28.Qh5 Qf6 29.g3 Kh7 30.Kg2 g6
31.Qg4 Qe6 32.Qf4 Qf5 33.Qxf5 gxf5 34.Kf3 Kg7 35.g4 Kf6 36.Nc6 fxg4+ 37.Kxg4 Kg6
38.Ne5+ Kf6 39.Kh5 Kg7 40.Nc6 Ne8 41.Kg4 Kf6 42.Nb4 Nc7 43.Kh5 Kg7 44.Nc2 Ne8
45.Kg4 Kg6 46.Ne3 Nc7 47.Kf4 Kh5 48.Nf5 b4 49.axb4 Nb5 50.Ke5 a3 51.bxa3 Nxc3
52.b5 Nxb5 53.a4 Nc7 54.Kd6 Na6 55.Kxd5 c3 56.Ne3 Kxh4 57.Kc4 Kg5 58.Kxc3 h5
59.Kc4 h4 60.d5 h3 61.d6 Nb8 62.Nf1 Kf6 63.Kc5 Ke6 64.a5 Kd7 65.Nh2 Kc8  1/2-1/2

[Event "1st OCF FIDE Fall Open"]
[Site "Stillwater USA"]
[Date "2012.10.06"]
[Round "3.7"]
[White "Munoz,Claudia"]
[Black "Baumann,Glenn"]
[Result "1/2-1/2"]
[WhiteElo "1780"]
[BlackElo "1684"]

1.d4 Nf6 2.Bg5 e6 3.e3 Be7 4.Bd3 a6 5.c4 b6 6.Nf3 Bb7 7.Nc3 h6 8.Bh4 g5 9.Bg3 g4
10.Nh4 Rg8 11.h3 Nh5 12.hxg4 Nxg3 13.fxg3 h5 14.Be2 Bd6 15.Kd2 Bxg3 16.g5 Qxg5
17.Nf3 Qa5 18.Qc2  1/2-1/2

[Event "22nd Metropolitan IM"]
[Site "Los Angeles USA"]
[Date "2012.10.11"]
[Round "3"]
[White "Duckworth,W"]
[Black "Akopian,R"]
[Result "1-0"]
[WhiteElo "2281"]
[BlackElo "2093"]

1.d4 Nf6 2.Bg5 e6 3.e4 h6 4.Bxf6 Qxf6 5.Nc3 d6 6.Qd2 c6 7.f4 e5 8.dxe5 dxe5
9.f5 Nd7 10.Nf3 b5 11.g4 a5 12.a4 b4 13.Ne2 Qd6 14.Qxd6 Bxd6 15.Ng3 Nb6 16.O-O-O Bc7
17.b3 Bd7 18.Be2 O-O-O 19.Nf1 Kb7 20.Ne3 g6 21.Nc4 Nxc4 22.Bxc4 Rh7 23.h3 Rg7
24.f6 Rh7 25.Rhf1 g5 26.Rd3 Be6 27.Rxd8 Bxc4 28.bxc4 Bxd8 29.Nxe5 Bb6 30.c5 Bxc5
31.Nc4 h5 32.gxh5 Rxh5 33.Rf5 Bf8 34.Nxa5+ Kc7 35.Kb2 Rxh3 36.Rxg5 Bh6 37.Re5 Bf4
38.Re7+ Kb6 39.Nb3 c5 40.a5+ Kb5 41.a6 Kxa6 42.Nxc5+ Kb5 43.Nd3 Bd2 44.Rxf7 Rh1
45.Rb7+ Kc6 46.f7 Rf1 47.Rb8 Bc3+ 48.Kb3 Rxf7 49.Nxb4+ Bxb4 50.Rxb4 Re7 51.Rd4 Rh7
52.Kc4  1-0

[Event "7th Americas Continental 2012"]
[Site "Mar del Plata ARG"]
[Date "2012.10.13"]
[Round "2.25"]
[White "Mahia,G"]
[Black "Assumpcao,R"]
[Result "0-1"]
[WhiteElo "2409"]
[BlackElo "2218"]

1.d4 Nf6 2.Bg5 e6 3.Nf3 d5 4.e3 Be7 5.c4 O-O 6.Nc3 h6 7.Bxf6 Bxf6 8.Qc2 c5
9.dxc5 Qa5 10.cxd5 exd5 11.O-O-O Be6 12.Nd4 Qxc5 13.Be2 Nc6 14.Nb3 Qb6 15.Na4 Qd8
16.Nac5 Rc8 17.Kb1 b6 18.Nxe6 fxe6 19.Qg6 Ne5 20.Qg3 Qe7 21.f4 Nc4 22.Bxc4 dxc4
23.Nd4 c3 24.Qf2 e5  0-1

[Event "7th Americas Continental 2012"]
[Site "Mar del Plata ARG"]
[Date "2012.10.14"]
[Round "4.22"]
[White "Mahia,G"]
[Black "Perez,Max"]
[Result "0-1"]
[WhiteElo "2409"]
[BlackElo "2264"]

1.d4 Nf6 2.Bg5 e6 3.e4 c5 4.d5 h6 5.Bxf6 Qxf6 6.Nc3 d6 7.Bb5+ Nd7 8.dxe6 fxe6
9.Nf3 Qf7 10.e5 d5 11.Qe2 a6 12.Nxd5 exd5 13.e6 Qe7 14.exd7+ Bxd7 15.Bxd7+ Kxd7
16.Ne5+ Kd6 17.f4 Rd8 18.O-O-O Kc7 19.Qh5 Rd6 20.Rhe1 Rg8 21.Ng6 Qf7 22.f5 Rf6
23.g4 Bd6 24.Qh3 d4 25.Kb1 Re8 26.Qg2 Kb6 27.h3 Ka7 28.Qf3 Rxe1 29.Rxe1 Rxg6
30.a4 Rf6 31.Qe4 g6  0-1

[Event "7th Americas Continental 2012"]
[Site "Mar del Plata ARG"]
[Date "2012.10.15"]
[Round "5.7"]
[White "Tristan,L"]
[Black "Ortiz Suarez,I"]
[Result "1/2-1/2"]
[WhiteElo "2442"]
[BlackElo "2579"]

1.d4 Nf6 2.Bg5 e6 3.e4 h6 4.Bxf6 Qxf6 5.Nc3 d6 6.Qd2 Nd7 7.O-O-O a6 8.f4 g6
9.Nf3 Bg7 10.h4 b5 11.g4 Bb7 12.e5 Qe7 13.Bg2 O-O-O 14.exd6 cxd6 15.d5 Nb6
16.dxe6 b4 17.Qf2 bxc3 18.Qxb6 fxe6 19.Rhe1 Rhf8 20.Qe3 cxb2+ 21.Kb1 e5 22.Rd3 e4
23.Nd4 Bxd4 24.Rxd4 Kb8 25.Kxb2 d5 26.c4 dxc4 27.Rxc4 Qf6+ 28.Kb1 Qxf4 29.Bxe4 Rd1+
30.Kb2 Rxe1 31.Qxe1 Re8 32.Bc2 Qf6+ 33.Qc3 Qxc3+ 34.Kxc3 Re3+ 35.Kb4 Re6
36.Rf4 g5 37.hxg5 hxg5 38.Rf8+ Ka7 39.Bf5 Re2 40.a3 Kb6 41.Rf6+ Kc7 42.Rg6 Rb2+
43.Kc3 Ra2 44.Kb3 Bd5+ 45.Kb4 Rb2+ 46.Kc3 Rb3+ 47.Kd4 Bc6 48.Kc5 Rb5+ 49.Kc4 Ra5
50.Kb3 Rb5+ 51.Kc3  1/2-1/2